|
|
|
|
| LEADER |
00000nam0a2200000 4500 |
| 001 |
299197 |
| 005 |
20231102001159.0 |
| 035 |
|
|
|a (RuTPU)RU\TPU\book\324349
|
| 090 |
|
|
|a 299197
|
| 100 |
|
|
|a 20150625d1982 km y0rusy50 ca
|
| 101 |
0 |
|
|a rus
|
| 102 |
|
|
|a RU
|
| 105 |
|
|
|a a z 001zy
|
| 200 |
1 |
|
|a Планирование развития межотраслевых комплексов
|f под ред. Э. Н. Крылатых ; В. П. Орешина
|
| 210 |
|
|
|a Москва
|c Изд-во Московского ун-та
|d 1982
|
| 215 |
|
|
|a 192 с.
|c ил.
|
| 320 |
|
|
|a Библиография в ссылках.
|
| 606 |
1 |
|
|a Производственные связи межотраслевые
|x Планирование
|2 stltpush
|3 (RuTPU)RU\TPU\subj\36749
|9 58016
|
| 610 |
1 |
|
|a межотраслевые комплексы
|
| 610 |
1 |
|
|a планирование
|
| 610 |
1 |
|
|a методология
|
| 610 |
1 |
|
|a планы
|
| 610 |
1 |
|
|a сбалансированность
|
| 610 |
1 |
|
|a агропромышленные комплексы
|
| 610 |
1 |
|
|a агропромышленные комплексы
|
| 610 |
1 |
|
|a балансовый метод
|
| 610 |
1 |
|
|a производственная инфраструктура
|
| 610 |
1 |
|
|a инвестиции
|
| 686 |
|
|
|a У9(2)0-01
|v LBC/SL-A
|2 rubbk
|
| 702 |
|
1 |
|a Крылатых
|b Э. Н.
|g Эльмира Николаевна
|4 340
|
| 702 |
|
1 |
|a Орешин
|b В. П.
|4 340
|
| 801 |
|
1 |
|a RU
|b 63413507
|c 20150625
|
| 801 |
|
2 |
|a RU
|b 63413507
|c 20190326
|g RCR
|
| 942 |
|
|
|c BK
|